Storia dei costumi sessuali /
Guardat en:
| Autor principal: | |
|---|---|
| Altres autors: | |
| Format: | Llibre |
| Idioma: | italià |
| Publicat: |
Milano :
CDE,
1985
|
| Matèries: | |
| Etiquetes: |
Sense etiquetes, Sigues el primer a etiquetar aquest registre!
|
MARC
| LEADER | 00000nam a22000007i 4500 | ||
|---|---|---|---|
| 001 | IT\ICCU\RAV\0297101 | ||
| 003 | ItRI | ||
| 005 | 20250217233655.0 | ||
| 008 | 970703s1985 it |||||| ||||| |||||c | ||
| 040 | |b ita |c ARCIGAY RIMINI | ||
| 041 | 7 | |a ita |2 ISO-639-2 | |
| 100 | 1 | |a Tannahill, Reay |0 IT\ICCU\CFIV\064199 |4 aut | |
| 240 | 1 | 0 | |a Sex in history |9 Tannahill, Reay |
| 245 | 1 | 0 | |a Storia dei costumi sessuali / |c Reay Tannahill. |
| 260 | |a Milano : |b CDE, |c 1985 | ||
| 300 | |a 395 p., [8] carte di tav. : |b ill. ; |c 24 cm | ||
| 500 | |a Traduzione di Anna Sordelli. | ||
| 650 | 7 | |a Costumi sessuali |x Storia | |
| 700 | 1 | |a Sordelli, Anna |0 IT\ICCU\CFIV\064204 |4 trl | |
| 942 | |2 ddc |c BK | ||
| 952 | |0 0 |1 0 |2 ddc |4 0 |6 306_709000000000000_TAN_STO |7 1 |9 3218 |a RN |b RN |d 2025-02-17 |e DONO RIMONDINI |l 0 |o 306.709 TAN STO |p 10477 |r 2025-02-17 23:37:56 |w 2025-02-17 |y BK | ||
| 981 | 1 | |6 z01 |a i |b xxxe | |
| 982 | 1 | |6 z01 |a n | |
| 999 | |c 2590 |d 2590 | ||